Анализ демпфирования низкочастотных колебаний в энергосистеме; Инновационные производственные технологии и ресурсосберегающая энергетика

Bibliographic Details
Parent link:Инновационные производственные технологии и ресурсосберегающая энергетика.— 2021.— [С. 402-408]
Main Author: Малькова Я. Ю. Яна Юрьевна
Corporate Author: Национальный исследовательский Томский политехнический университет Инженерная школа энергетики Отделение электроэнергетики и электротехники
Other Authors: Уфа Р. А. Руслан Александрович
Summary:Заглавие с титульного экрана
Совершенствование и усложнение современных электроэнергетических систем определяет растущую вероятность возникновения низкочастотных колебаний, которые, в случае не принятия соответствующих мероприятий по их демпфированию, приводят к отключению установленного оборудования и разделению энергосистемы на части. Традиционно, задача демпфирования низкочастотных колебаний возлагается на синхронные генераторы, путем соответствующей настройки автоматического регулятора возбуждения. Однако с ростом установленной мощности объектов возобновляемой генерации, подключаемых через статические преобразователи напряжения, актуальность приобретают работы по исследованию и анализу влияния последних на возникновение низкочастотных колебаний и применении таких объектов генерации для решения задач демпфирования колебаний.
Language:Russian
Published: 2021
Subjects:
Online Access:https://www.omgups.ru/science/conf/2022/docs/Инновационные%20производственные%20технологии_2021.pdf#page=402
Format: MixedMaterials Electronic Book Chapter
KOHA link:https://koha.lib.tpu.ru/cgi-bin/koha/opac-detail.pl?biblionumber=667272

MARC

LEADER 00000naa0a2200000 4500
001 667272
005 20250819104425.0
035 |a (RuTPU)RU\TPU\network\38477 
090 |a 667272 
100 |a 20220311d2021 k y0rusy50 ca 
101 0 |a rus 
102 |a RU 
135 |a drgn ---uucaa 
181 0 |a i  
182 0 |a b 
200 1 |a Анализ демпфирования низкочастотных колебаний в энергосистеме  |f Я. Ю. Малькова, Р. А. Уфа 
203 |a Текст  |c электронный 
300 |a Заглавие с титульного экрана 
320 |a [Библиогр.: 6 назв.] 
330 |a Совершенствование и усложнение современных электроэнергетических систем определяет растущую вероятность возникновения низкочастотных колебаний, которые, в случае не принятия соответствующих мероприятий по их демпфированию, приводят к отключению установленного оборудования и разделению энергосистемы на части. Традиционно, задача демпфирования низкочастотных колебаний возлагается на синхронные генераторы, путем соответствующей настройки автоматического регулятора возбуждения. Однако с ростом установленной мощности объектов возобновляемой генерации, подключаемых через статические преобразователи напряжения, актуальность приобретают работы по исследованию и анализу влияния последних на возникновение низкочастотных колебаний и применении таких объектов генерации для решения задач демпфирования колебаний. 
463 |t Инновационные производственные технологии и ресурсосберегающая энергетика  |o материалы Международной научно-практической конференции, Омск, 8-9 декабря 2021 г.  |v [С. 402-408]  |d 2021 
610 1 |a труды учёных ТПУ 
610 1 |a электронный ресурс 
610 1 |a низкочастотные колебания 
610 1 |a демпфирование 
610 1 |a силовая преобразовательная техника 
610 1 |a преобразователи напряжения 
610 1 |a возобновляемые источники энергии 
700 1 |a Малькова  |b Я. Ю.  |c специалист в области электроэнергетики  |c старший лаборант Томского политехнического университета  |f 1996-  |g Яна Юрьевна  |3 (RuTPU)RU\TPU\pers\47178 
701 1 |a Уфа  |b Р. А.  |c специалист в области электроэнергетики  |c доцент Томского политехнического университета, кандидат технических наук  |f 1988-  |g Руслан Александрович  |3 (RuTPU)RU\TPU\pers\30313  |9 14658 
712 0 2 |a Национальный исследовательский Томский политехнический университет  |b Инженерная школа энергетики  |b Отделение электроэнергетики и электротехники  |3 (RuTPU)RU\TPU\col\23505 
801 2 |a RU  |b 63413507  |c 20220411  |g RCR 
856 4 |u https://www.omgups.ru/science/conf/2022/docs/Инновационные%20производственные%20технологии_2021.pdf#page=402 
942 |c CF